Compra e venda internacional de mercadorias : (Record no. 265)

MARC details
000 -LÍDER
Campo Fixo de Controle 00859cam a2200253 a 4500
001 - NÚMERO DE CONTROLE
Campo de Controle 265
003 - IDENTIFICAÇÃO DO NÚMERO DE CONTROLE
Campo de Controle BR-CuiBMT
005 - DATA E HORA DA ÚLTIMA ATUALIZAÇÃO
Campo de Controle 20231108031251.0
008 - DADOS FIXOS
Dados Fixos 230914s2016 mgb 000 0 por d
020 ## - INTERNATIONAL STANDARD BOOK NUMBER
Nº do ISBN 9788545001553
040 ## - AGÊNCIA CATALOGADORA
Código da Agência Catalogadora BR-CuiBMT
Agência que transcreveu o registro BR-CuiBMT
080 ## - Nº DA CLASSIFICAÇÃO DECIMAL UNIVERSAL
Nº edição CDU 2007
Nº Class. CDU 341:339.5
090 ## - NÚMERO DE CHAMADA
Nº classificação 341:339.5
Cutter N171c
100 1# - ENTRADA PRINCIPAL -- AUTOR PESSOAL
Nome pessoal Nalim, Paulo Sérgio
245 10 - TÍTULO PRINCIPAL
Título principal Compra e venda internacional de mercadorias :
Subtítulo a Convenção das Nações Unidas sobre compra e venda internacional de mercadorias (CISG) /
Indicação de responsabilidade Paulo Nalin, Renata C. Steiner ; prefácio: Lauro Gama Jr.
260 ## - PUBLICAÇÃO, DISTRIBUIÇÃO, ETC.
Local de publicação Belo Horizonte :
Editora Fórum,
Data 2016.
300 ## - DESCRIÇÃO FÍSICA
N. páginas ou volumes 331 p. ;
Dimensões 22 cm
504 ## - NOTA DE BIBLIOGRAFIA, ETC.
Nota de bibliografia Inclui bibliografia.
650 ## - ASSUNTO TÓPICO
Cabeçalho tópico ou nome geográfico Direito contratual
650 ## - ASSUNTO TÓPICO
Cabeçalho tópico ou nome geográfico Direito internacional privado
650 ## - ASSUNTO TÓPICO
Cabeçalho tópico ou nome geográfico Compra e venda internacional
700 1# - ENTRADA SECUNDÁRIA -- NOME PESSOAL
Nome pessoal Steiner, Renata C.
942 ## - ELEMENTOS DE ENTRADA ADICIONAIS (KOHA)
Fonte de classificação ou esquema de arquivamento Classificação Decimal Universal
Tipo de item do Koha Livros
Holdings
Estado: removido Estado: perdido Fonte de classificação ou esquema de arquivamento Estado: danificado Indisponível para empréstimo Localização permanente Localização atual Data de aquisição Total Checkouts Número de Chamada completo Código de barras Date last seen Número do exemplar Preço efetivo a partir de Tipo de item (Koha)
    Classificação Decimal Universal     Biblioteca da Escola Superior de Contas do TCE/MT Biblioteca da Escola Superior de Contas do TCE/MT 28/06/2023   341:339.5 N171c BIBTCEMT23090047 14/09/2023 Ex. 1 14/09/2023 Livros

Powered by Koha